| Поле | Инд. | ПП | Название | Значение |
|---|---|---|---|---|
| Тип записи | a | |||
| Библиографический уровень | m | |||
| 001 | Контрольный номер | RU/LIBMSTU/310144182 | ||
| 005 | Дата корректировки | 20230109150007.0 | ||
| 008 | Кодируемые данные | 091102|||||||||ru |||||||||||000|||rus|| | ||
| 020 | a | ISBN | 978-5-7567-0471-6 | |
| c | Цена, тираж | 144-50 | ||
| 040 | b | Код языка каталог. | rus | |
| 041 | 0_ | a | Код языка текста | rus |
| 084 | a | Индекс другой классификации/Индекс ББК | 76.01+67.911+67.401.11 | |
| 090 | a | Полочн. индекс | 76 | |
| x | Авторский знак | П 68 | ||
| 245 | 10 | a | Заглавие | Правовые и этические нормы в журналистике |
| c | Ответственность | сост. Е. П. Прохоров | ||
| 250 | a | Основные сведения об издании | Изд. 2-е, испр. и доп. | |
| 260 | a | Место издания | Москва | |
| b | Издательство | Аспект Пресс | ||
| c | Дата издания | 2009 | ||
| 300 | a | Объем | 230, [1] с. | |
| 650 | 04 | a | Основная рубрика | Журналистика-Правовое регулирование-Учебные издания для высших учебных заведений |
| 653 | 0_ | a | Ключевые слова | Журналистика |
| a | Ключевые слова | Журналистская этика | ||
| a | Ключевые слова | Международные акты | ||
| a | Ключевые слова | ООН | ||
| a | Ключевые слова | Организация Объединенных Наций | ||
| a | Ключевые слова | Правовое регулирование | ||
| a | Ключевые слова | Средства массовой информации | ||
| a | Ключевые слова | ЮНЕСКО | ||
| a | Ключевые слова | Организация Объединенных Наций по вопросам образования, науки и культуры | ||
| 700 | 12 | a | Другие авторы | Прохоров Е. П. |
| e | Роль лиц | сост. | ||
| 901 | t | Тип документа | m |